Najbardziej ruchliwe trasy lotnicze od Nowego Jorku - Statystyki

Ogólne statystyki
  • Ten quiz został rozwiązany 5 714 razy
  • Średni wynik to 24 z 50
Odpowiedzi na mapie
Odpowiedzi zakodowano w zielono-czerwonej skali na mapie do tego quizu, zgodnie z poniższymi procentami.
 
Statystyki odpowiedzi
Pasażerowie Miejsce docelowe % Poprawnych
4 111 172 Londyn
97%
790 771 Madryt
95%
1 951 688 Paryż
95%
690 206 Rzym
94%
760 164 Dublin
92%
768 044 Tokio
92%
864 826 Amsterdam
90%
4 778 052 Los Angeles
87%
800 927 Meksyk
83%
792 768 Mediolan
81%
797 958 Dubaj
78%
1 899 359 Waszyngton
78%
9 054 510 Miami
77%
5 886 631 Chicago
74%
1 072 169 Frankfurt
73%
3 928 888 San Francisco
68%
666 070 Zurych
65%
906 037 Hong Kong
63%
1 713 551 Las Vegas
58%
774 340 Sao Paulo
58%
1 122 171 Tel Awiw-Jafa
55%
3 157 210 Boston
52%
1 184 691 Seattle
52%
2 438 571 Toronto
52%
2 555 530 Dallas
46%
2 244 765 Houston
41%
3 908 151 Atlanta
38%
2 005 219 Denver
37%
1 634 024 Detroit
35%
795 931 San Diego
35%
818 488 Nowy Orlean
32%
1 384 983 Phoenix
31%
994 239 Santo Domingo
30%
790 689 Montreal
29%
691 150 Austin
28%
3 888 752 Orlando
26%
1 695 497 Tampa
20%
1 427 503 Minneapolis
18%
657 475 Jacksonville
17%
898 780 Cancun
16%
3 047 655 Charlotte
16%
1 628 024 San Juan
15%
665 393 Cleveland
13%
864 855 Nashville
12%
758 765 St. Louis
10%
934 849 Buffalo
9%
698 534 Pittsburgh
8%
1 000 982 Santiago
8%
996 372 Fort Myers
5%
1 183 613 Raleigh/Durham
5%
Nie znaleziono quizów pasujących do podanych kryteriów
Rozkład punktacji
Procent ludzi z każdym wynikiem
Percentyl według liczby udzielonych odpowiedzi
Twoja historia wyników
Nie rozwiązałeś tego quizu